000 00404pam a2200157 a 4500
020 _a9789350250723
_c
041 _h
082 _a617.3
100 _aTONDON P.M., RAMANURTHI R.
245 _aRAMAMURTHI AND TONDON`S T/B OF NEUROSURGERY VOL. 1
_hTextual Documents
250 _a3.
260 _bJAYPEE BROTHERS MEDICAL PUB.
_c2012
300 _a692:
_bXLIX;
_cHB.
930 _a5513
999 _c800040
_d800040
650 _aORTHO